000 00546nam a2200181Ia 4500
005 20250423095529.0
008 250422s9999 xx 000 0 und d
020 _a9780312343385
050 _aPS 3553 .A49 .G66/
100 _aCannell, Dorothy
245 0 _aGoodbye, ms. chips
260 _aNew York
260 _bSt. Martin’s Minotaur
260 _c2008
300 _a278 p
650 _aHaskell, Ellie (Fictitious character) --Fiction. Women interior decorators --Fiction. Boarding schools --Fiction. England --Fiction.
942 _cBK
999 _c30553
_d30553